000 004580000a22001810004500
003 MACL
005 20160120120832.0
008 160120b xxu||||| |||| 00| 0 eng d
040 _aMACL
_cMACL
041 _aEnglish
082 _a160/BIS
100 _aBiswas, Nripendra N
_933509
245 _aLogic Design Theory
260 _bPrentice Hall of India Private Ltd
_c1994
_aNew Delhi
350 _a175
650 _aLogic
_921842
942 _cBK
_k160/BIS
_2ddc
999 _c32851
_d32851